000
00321 a2200121 4500
000
nam a22 7a 4500
005
20260226154814.0
020
_a
9788196100230
100
_a
Sandeep Kumar
245
_a
Bhāṭṭarahasya vidhi-bhāvanāvādayoḥ samīkṣanam
260
_b
Sivalik Prakashan
_c
2025
942
_c
TEXL
999
_c
1680303
_d
1680303